000 00793cam a22002411 4500
001 ne 68000644
003 DLC
005 20260227111838.0
008 890514m19631967xx 000 0 ara
010 _ane 68000644
035 _a(OCoLC)23499797
040 _aDLC
_cMiU
_dDLC
050 0 0 _aBP135.A158
_bM82
100 1 _aMubārakfūrī, Muḥammad ʻAbd al-Raḥmān ibn ʻAbd al-Raḥīm,
_d1866 or 1867-1935.
245 0 0 _aTuḥfat al-aḥwadhī.
260 _c[1963-67]
300 _a10 v.
_c24 cm.
500 _aRomanized.
650 0 _aHadith
_xCriticism, interpretation, etc.
700 1 _aTirmidhī, Muḥammad ibn ʻĪsá,
_d-892.
_eal-Jāmiʻ al-ṣaḥīḥ.
700 2 _aʻAbd al-Laṭīf, ʻAbd al-Wahhāb.
_eed.
700 1 _aʻUthmān, ʻAbd al-Raḥmān Muḥammad.
_eed.
999 _c50122
_d50122